000 01599nab a2200229 i 4500
001 768714001
003 CO-MdFUSB
005 20240509123409.0
008 240508t1967 sp ||||| |||| 00| 0 spa d
040 _bspa
_cCO-MdFUSB
_dCO-MdFUSB
041 _aspa
100 1 _aBalthasar, Hans Urs von,
_d1905-1988
_eautor
245 _aRelación inmediata del hombre con Dios
_c/ Hans Urs Von Balthasar
520 _aEste artículo plantea como pensadores cristianos la pregunta: la relación inmediata del individuo con Dios, ¿será necesaria en el plano real histórico (para nuestro tiempo) y bajo una perspectiva cristiana?, o, por el contrario, ¿no será una desfiguración y una alteración de lo auténticamente cristiano el reducir dicha relación con Dios al menos principalmente, y quizá hasta exclusivamente a un encuentro interhumano? En este sentido, ofrece un triple círculo de ideas. La primera, más cercana, se refiere a Jesucristo y su relación con Dios. La segunda es una reflexión sobre la distancia que nos separa a los humanos del Dios-hombre. En tercer lugar, nos preguntamos si una participación íntima en la relación de Jesús con Dios es posible y al mismo tiempo compatible con esta distancia
650 0 _aVida espiritual
_951
650 7 _aCristología
_9239
650 0 _aVida cristiana
_919
650 7 _aDios
_9178
773 0 _049450
_982589
_oR2519
_tRevista internacional de teología Concilium
_w(CO-MdFUSB)8
_x0210-1041
_gNúmero 29, (noviembre, 1967), páginas: 411 - 427
_qpágina: 411
942 _cANA
945 _aCatherine Arias Alvarez - Practicante SENA
999 _c69599
_d69599